000 00751nam a2200253Ia 4500
003 OSt
005 20220928111317.0
006 a|||||r|||| 00| 0
007 ta
008 220927b |||||||| |||| 00| 0 hin d
020 _cINR 595.00
024 _a142830
037 _b692, 11/03/2020, Nayee Kitab Prakashan
_cTextual
040 _aSDCL
_cSDCL
_bhin
041 _2hin
_ahin
082 _aO152,1N175x, Q8
100 _aShukla Ashtbhuja
_9423122
245 0 _a'Amola' ki kisuli
260 _aDelhi
_bNayee kitab Prakashan India
_c2018
300 _a7-270p
_ccm.
650 _aHindi
_9391598
942 _hO152,1N175x, Q8
_cTEXL
_2CC
999 _c739611
_d739611